[Event "Stepan Avagyan Mem 2024"]
[Site "Jermuk ARM"]
[Date "2024.06.10"]
[Round "1.2"]
[White "Sevian, Samuel"]
[Black "Sargsyan, Shant"]
[Result "1/2-1/2"]
[WhiteTitle "GM"]
[BlackTitle "GM"]
[WhiteElo "2687"]
[BlackElo "2639"]
[WhiteFideId "2040506"]
[BlackFideId "13306766"]
[EventDate "2024.06.10"]

1. e4 e5 2. Nf3 Nc6 3. Bb5 a6 4. Ba4 Nf6 5. O-O Be7 6. d3 b5 7. Bb3 d6 8. c3 O-O
9. h3 Bb7 10. Be3 d5 11. Nbd2 h6 12. Re1 Re8 13. exd5 Nxd5 14. Ne4 Nxe3 15. Rxe3
g6 16. d4 exd4 17. cxd4 Na5 18. Rc1 Nxb3 19. Qxb3 Bd5 20. Nf6+ Bxf6 21. Rxe8+
Qxe8 22. Qxd5 Rd8 23. Qc5 Qd7 24. Qxc7 1/2-1/2

[Event "Stepan Avagyan Mem 2024"]
[Site "Jermuk ARM"]
[Date "2024.06.10"]
[Round "1.4"]
[White "Bluebaum, Matthias"]
[Black "Petrosyan, Manuel"]
[Result "1/2-1/2"]
[WhiteTitle "GM"]
[BlackTitle "GM"]
[WhiteElo "2647"]
[BlackElo "2625"]
[WhiteFideId "24651516"]
[BlackFideId "13300857"]
[EventDate "2024.06.10"]

1. c4 Nf6 2. Nc3 e5 3. e3 Be7 4. Nf3 d6 5. d4 Nbd7 6. Be2 O-O 7. O-O c6 8. Qc2
Qc7 9. b4 d5 10. cxd5 cxd5 11. Qb3 e4 12. Nd2 Nb6 13. a4 Be6 14. Ba3 Bd6 15. h3
Qd7 16. b5 Nc8 17. Rfc1 Bxa3 18. Qxa3 Qd6 19. a5 Qxa3 20. Rxa3 Nd6 21. Nb3 Rac8
22. Nc5 b6 23. axb6 axb6 24. Nxe6 fxe6 25. Ra6 Nd7 26. Na2 Rxc1+ 27. Nxc1 Rc8
28. Na2 Rc2 29. Bg4 Kf7 30. Nb4 Rc7 31. Be2 Nf5 32. Nc6 Ne7 33. Nd8+ Kf6 34. Bg4
Nf5 35. Ra8 g6 36. Nc6 Nd6 37. Be2 Nc8 38. h4 h5 39. Kh2 Kf7 40. g4 hxg4 41.
Bxg4 Kf6 42. Kg3 Nd6 43. Be2 e5 44. Rd8 Nf5+ 45. Kh3 exd4 46. exd4 Kg7 47. Bg4
Nf6 48. Rb8 e3 49. fxe3 Nxe3 50. Bf3 Nc4 51. Kg3 Ne4+ 52. Bxe4 dxe4 53. Ne5 e3
54. Nxc4 Rxc4 55. Rb7+ Kh6 56. Rxb6 Rxd4 57. Re6 Rb4 58. Rxe3 1/2-1/2

[Event "Stepan Avagyan Mem 2024"]
[Site "Jermuk ARM"]
[Date "2024.06.10"]
[Round "1.5"]
[White "Deac, Bogdan-Daniel"]
[Black "Murzin, Volodar"]
[Result "1-0"]
[WhiteTitle "GM"]
[BlackTitle "GM"]
[WhiteElo "2680"]
[BlackElo "2650"]
[WhiteFideId "1226380"]
[BlackFideId "44155573"]
[EventDate "2024.06.10"]

1. e4 c5 2. Nf3 d6 3. Bb5+ Nd7 4. d4 cxd4 5. Nxd4 Nf6 6. Bd3 Nc5 7. Nc3 a6 8.
Nb3 Nxb3 9. axb3 Bd7 10. f4 e5 11. O-O Be7 12. Qf3 O-O 13. Bd2 Rc8 14. Kh1 exf4
15. Qxf4 Be6 16. Nd5 Rc6 17. Nxe7+ Qxe7 18. Qh4 Rc5 19. e5 dxe5 20. Rxf6 h5 21.
Qe4 1-0

[Event "Stepan Avagyan Mem 2024"]
[Site "Jermuk ARM"]
[Date "2024.06.11"]
[Round "2.1"]
[White "Martirosyan, Haik M."]
[Black "Murzin, Volodar"]
[Result "1-0"]
[WhiteTitle "GM"]
[BlackTitle "GM"]
[WhiteElo "2662"]
[BlackElo "2650"]
[WhiteFideId "13306553"]
[BlackFideId "44155573"]
[EventDate "2024.06.10"]

1. d4 d5 2. c4 c6 3. Nf3 Nf6 4. Nc3 e6 5. Bg5 Be7 6. e3 Nbd7 7. Qc2 O-O 8. a3 h6
9. Bf4 c5 10. dxc5 Nxc5 11. Be2 Nfe4 12. O-O Bd7 13. cxd5 Nxc3 14. Qxc3 exd5 15.
b4 Ne4 16. Qd4 Bf6 17. Be5 Re8 18. Qxd5 Bg4 19. Qxe4 Bxf3 20. Bxf3 Bxe5 21. Rad1
Qc7 22. Qxb7 Bxh2+ 23. Kh1 Rab8 24. Qxc7 Bxc7 25. Rd7 Bb6 26. a4 a5 27. b5 Kf8
28. Rfd1 Re6 29. g3 g6 30. g4 Re7 31. Bc6 Re5 32. R1d5 Re6 33. Kg2 Rf6 34. Re5
Kg7 35. f4 Kf8 36. Kf3 Kg7 37. Bd5 Rd8 38. Ree7 Rxd7 39. Rxd7 Kf8 40. e4 Bd4 41.
Rd8+ Kg7 42. Re8 1-0

[Event "Stepan Avagyan Mem 2024"]
[Site "Jermuk ARM"]
[Date "2024.06.11"]
[Round "2.2"]
[White "Petrosyan, Manuel"]
[Black "Deac, Bogdan-Daniel"]
[Result "1/2-1/2"]
[WhiteTitle "GM"]
[BlackTitle "GM"]
[WhiteElo "2625"]
[BlackElo "2680"]
[WhiteFideId "13300857"]
[BlackFideId "1226380"]
[EventDate "2024.06.10"]

1. e4 e5 2. Nf3 Nc6 3. Bb5 a6 4. Ba4 Nf6 5. Nc3 b5 6. Bb3 Be7 7. d3 d6 8. a3 O-O
9. O-O Rb8 10. h3 h6 11. Be3 Re8 12. Nd2 Be6 13. Bxe6 fxe6 14. Ne2 d5 15. c3 Qd7
16. Qc2 Rbd8 17. Rad1 Bd6 18. d4 exd4 19. cxd4 dxe4 20. Nxe4 Nxe4 21. Qxe4 Ne7
22. Nf4 Nf5 23. Nd3 a5 24. Rfe1 b4 25. axb4 axb4 26. b3 Bf8 27. Rc1 Qd5 28. Qxd5
Rxd5 29. Rc4 Bd6 30. Nxb4 Rb5 31. Bd2 Kf7 32. g3 Ra8 33. h4 Ne7 34. Nc6 Nxc6 35.
Rxc6 Rxb3 36. Bf4 Bxf4 37. gxf4 Rb7 38. Rcxe6 Rd8 39. Re7+ Kf8 40. R7e5 c6 1/2-1/2

[Event "Stepan Avagyan Mem 2024"]
[Site "Jermuk ARM"]
[Date "2024.06.11"]
[Round "2.3"]
[White "Hovhannisyan, Robert"]
[Black "Bluebaum, Matthias"]
[Result "1/2-1/2"]
[WhiteTitle "GM"]
[BlackTitle "GM"]
[WhiteElo "2611"]
[BlackElo "2647"]
[WhiteFideId "13302507"]
[BlackFideId "24651516"]
[EventDate "2024.06.10"]

1. e4 e5 2. Nf3 Nc6 3. Nc3 Nf6 4. Bb5 Bd6 5. d3 O-O 6. Bg5 h6 7. Bh4 Nd4 8. Nxd4
exd4 9. Nd5 g5 10. Nxf6+ Qxf6 11. Bg3 Bxg3 12. hxg3 c6 13. Bc4 d5 14. Bb3 a5 15.
a4 dxe4 16. dxe4 Be6 17. Bxe6 fxe6 18. Qe2 e5 19. Ra3 Kg7 20. O-O Qe6 21. Qd2 c5
22. Rb3 1/2-1/2

[Event "Stepan Avagyan Mem 2024"]
[Site "Jermuk ARM"]
[Date "2024.06.11"]
[Round "2.5"]
[White "Tabatabaei, M. Amin"]
[Black "Sevian, Samuel"]
[Result "1/2-1/2"]
[WhiteTitle "GM"]
[BlackTitle "GM"]
[WhiteElo "2713"]
[BlackElo "2687"]
[WhiteFideId "12521213"]
[BlackFideId "2040506"]
[EventDate "2024.06.10"]

1. e4 e5 2. Nf3 Nc6 3. Bc4 Bc5 4. O-O Nf6 5. d3 d6 6. c3 a5 7. Re1 O-O 8. h3 Ba7
9. Nbd2 Be6 10. Bb5 Ne7 11. d4 Ng6 12. Ba4 Nh5 13. Nf1 Nhf4 14. Ng3 exd4 15.
cxd4 d5 16. Bxf4 Nxf4 17. Qd2 dxe4 18. Rxe4 Ng6 19. Bb3 Bxb3 20. axb3 Bb6 21.
Rae1 Qd5 22. h4 f5 23. R4e2 Rad8 24. Rd1 f4 25. Nf1 Qh5 26. Qc2 Nxh4 27. Nxh4
Qxh4 28. Nh2 Qh5 29. Nf3 Qf5 30. Qc3 h6 31. Rde1 Rd6 32. Re5 Qg6 33. R1e4 Rc6
34. Qd2 Rcf6 35. Re7 R6f7 36. R7e6 Rf6 37. Re7 R6f7 38. R7e6 Rf6 1/2-1/2

[Event "Stepan Avagyan Mem 2024"]
[Site "Jermuk ARM"]
[Date "2024.06.12"]
[Round "3.1"]
[White "Sevian, Samuel"]
[Black "Martirosyan, Haik M."]
[Result "1-0"]
[WhiteTitle "GM"]
[BlackTitle "GM"]
[WhiteElo "2687"]
[BlackElo "2662"]
[WhiteFideId "2040506"]
[BlackFideId "13306553"]
[EventDate "2024.06.10"]

1. c4 e5 2. g3 Nf6 3. Bg2 d5 4. cxd5 Nxd5 5. Nf3 Nc6 6. O-O Nb6 7. b3 f6 8. Nc3
Be7 9. d4 Nxd4 10. Nxd4 exd4 11. Nb5 c6 12. Nxd4 O-O 13. Bb2 Qe8 14. e4 Bd7 15.
Nf5 Bxf5 16. exf5 Qf7 17. Bf3 Rad8 18. Bh5 g6 19. Qg4 Kg7 20. Rae1 Nd5 21. Re4
Rg8 22. Qg5 Ba3 23. Rh4 Rh8 24. Ba1 Kf8 25. fxg6 hxg6 26. Bg4 Rxh4 27. Qxh4 Kg7
28. Rd1 Bc5 29. Bf3 Qe6 30. Qc4 Bb6 31. Kg2 Kf7 32. Qc1 Rh8 33. h4 g5 34. Qc4
Ke7 35. Bg4 f5 36. Bxh8 fxg4 37. hxg5 Qf5 38. Qe2+ Kd7 39. Bd4 Bd8 40. Bf6 Bxf6
41. gxf6 Qe6 42. Qc4 Qf5 43. Qe2 Qe6 44. Kf1 a5 45. Rd4 Qxf6 46. Qxg4+ Kd6 47.
Qe4 Kc5 48. Rc4+ Kd6 49. Kg2 b5 50. Rc2 b4 51. Qc4 Kd7 52. Qc5 Qg6 53. Rc4 1-0

[Event "Stepan Avagyan Mem 2024"]
[Site "Jermuk ARM"]
[Date "2024.06.12"]
[Round "3.3"]
[White "Bluebaum, Matthias"]
[Black "Sargsyan, Shant"]
[Result "1/2-1/2"]
[WhiteTitle "GM"]
[BlackTitle "GM"]
[WhiteElo "2647"]
[BlackElo "2639"]
[WhiteFideId "24651516"]
[BlackFideId "13306766"]
[EventDate "2024.06.10"]

1. d4 Nf6 2. c4 e6 3. Nc3 Bb4 4. e3 O-O 5. Bd3 d5 6. cxd5 exd5 7. Ne2 Re8 8. Bd2
Bd6 9. Qc2 a6 10. a3 Nbd7 11. O-O c5 12. dxc5 Nxc5 13. Nd4 g6 14. Be2 h5 15. Bf3
Nce4 16. Nxd5 Bxh2+ 17. Kxh2 Qxd5 18. Kg1 h4 19. Bc3 h3 20. Ne2 hxg2 21. Bxg2
Qg5 22. Bxf6 Nxf6 23. Qc7 Nh5 24. Nf4 Bg4 25. Nxh5 gxh5 26. Rac1 Bf3 1/2-1/2

[Event "Stepan Avagyan Mem 2024"]
[Site "Jermuk ARM"]
[Date "2024.06.12"]
[Round "3.4"]
[White "Deac, Bogdan-Daniel"]
[Black "Hovhannisyan, Robert"]
[Result "1/2-1/2"]
[WhiteTitle "GM"]
[BlackTitle "GM"]
[WhiteElo "2680"]
[BlackElo "2611"]
[WhiteFideId "1226380"]
[BlackFideId "13302507"]
[EventDate "2024.06.10"]

1. d4 d5 2. c4 e6 3. Nf3 Nf6 4. g3 dxc4 5. Bg2 Bb4+ 6. Bd2 a5 7. Qc2 Nc6 8. Qxc4
Qd5 9. Qd3 Qe4 10. Qxe4 Nxe4 11. e3 Nxd2 12. Nfxd2 Bd7 13. a3 Bd6 14. Nc4 a4 15.
O-O Na5 16. Nbd2 Bb5 17. Rfc1 Bxc4 18. Nxc4 Nxc4 19. Rxc4 Ra7 20. Rac1 O-O 21.
f4 g6 22. Kf2 Rb8 23. R4c2 h5 24. Bf3 Ra5 25. Be2 Kg7 26. e4 c6 27. Ke3 Rd8 28.
Rc4 Be7 29. R1c2 Rda8 30. Rd2 Rc8 31. Kf3 Rca8 32. Bd1 Bf6 33. Ke3 R5a6 34. Rc1
Rd8 35. Rc4 Rda8 36. Rc1 Rd8 37. Rc4 Rda8 1/2-1/2

[Event "Stepan Avagyan Mem 2024"]
[Site "Jermuk ARM"]
[Date "2024.06.12"]
[Round "3.5"]
[White "Murzin, Volodar"]
[Black "Petrosyan, Manuel"]
[Result "1/2-1/2"]
[WhiteTitle "GM"]
[BlackTitle "GM"]
[WhiteElo "2650"]
[BlackElo "2625"]
[WhiteFideId "44155573"]
[BlackFideId "13300857"]
[EventDate "2024.06.10"]

1. e4 e5 2. Nf3 Nc6 3. Bb5 a6 4. Ba4 Nf6 5. O-O Be7 6. Re1 b5 7. Bb3 O-O 8. h3
Bb7 9. d3 d5 10. exd5 Nxd5 11. a4 Nd4 12. Nbd2 Nxb3 13. Nxb3 Nb4 14. Nxe5 Qd5
15. Nf3 Qd7 16. Ne5 Qd5 17. Nf3 Qd7 18. Ne5 1/2-1/2

[Event "Stepan Avagyan Mem 2024"]
[Site "Jermuk ARM"]
[Date "2024.06.13"]
[Round "4.1"]
[White "Martirosyan, Haik M."]
[Black "Petrosyan, Manuel"]
[Result "1-0"]
[WhiteTitle "GM"]
[BlackTitle "GM"]
[WhiteElo "2662"]
[BlackElo "2625"]
[WhiteFideId "13306553"]
[BlackFideId "13300857"]
[EventDate "2024.06.10"]

1. e4 e5 2. Nf3 Nc6 3. Bc4 Bc5 4. d3 Nf6 5. c3 d6 6. O-O a5 7. Re1 Ba7 8. h3 h6
9. Na3 O-O 10. Nb5 Bb6 11. Be3 Bxe3 12. Rxe3 Re8 13. Qb3 Be6 14. Bxe6 Rxe6 15.
c4 Re8 16. Rae1 Nd7 17. d4 exd4 18. Nfxd4 Nxd4 19. Nxd4 Nc5 20. Qd1 g6 21. Nb5
Re6 22. f4 c6 23. f5 Re5 24. Nd4 Qe7 25. fxg6 fxg6 26. Nf3 Re6 27. e5 Rd8 28.
Qc2 Kh7 29. h4 dxe5 30. Rxe5 Re8 31. Rxe6 Nxe6 32. Re5 Qf7 33. h5 Nf4 34. hxg6+
Nxg6 35. Rxa5 Kg8 36. Rf5 Qe6 37. Qd3 Qe4 38. Qxe4 Rxe4 39. Rf6 Nf8 40. Nd2 Rd4
41. Rf2 Nd7 42. b3 Ne5 43. Re2 b5 44. Rxe5 Rxd2 45. a4 b4 46. a5 Kg7 47. Rc5 Ra2
48. Rxc6 Ra3 49. Rb6 Rxb3 50. a6 Ra3 51. c5 Kf7 52. Rxh6 Ra5 53. Rb6 1-0

[Event "Stepan Avagyan Mem 2024"]
[Site "Jermuk ARM"]
[Date "2024.06.13"]
[Round "4.2"]
[White "Hovhannisyan, Robert"]
[Black "Murzin, Volodar"]
[Result "1/2-1/2"]
[WhiteTitle "GM"]
[BlackTitle "GM"]
[WhiteElo "2611"]
[BlackElo "2650"]
[WhiteFideId "13302507"]
[BlackFideId "44155573"]
[EventDate "2024.06.10"]

1. e4 e5 2. Nf3 Nc6 3. Bb5 a6 4. Ba4 Nge7 5. d4 exd4 6. Nxd4 Nxd4 7. Qxd4 Nc6 8.
Bxc6 dxc6 9. Qxd8+ Kxd8 10. Nc3 Be6 11. Be3 Kc8 12. h4 h5 13. Ne2 Bd6 14. f3 b6
15. Kf2 Kb7 16. Nd4 Bd7 17. Nf5 Bf8 18. Rhd1 Be6 19. Nd4 Bd7 20. Nf5 Be6 21. a4
a5 22. Nd4 Bd7 23. Nf5 Be6 24. Rd2 Re8 25. Rad1 g6 26. Nd4 1/2-1/2

[Event "Stepan Avagyan Mem 2024"]
[Site "Jermuk ARM"]
[Date "2024.06.13"]
[Round "4.3"]
[White "Sargsyan, Shant"]
[Black "Deac, Bogdan-Daniel"]
[Result "1/2-1/2"]
[WhiteTitle "GM"]
[BlackTitle "GM"]
[WhiteElo "2639"]
[BlackElo "2680"]
[WhiteFideId "13306766"]
[BlackFideId "1226380"]
[EventDate "2024.06.10"]

1. d4 Nf6 2. c4 e6 3. Nf3 d5 4. g3 Be7 5. Bg2 O-O 6. Nc3 dxc4 7. Ne5 c5 8. dxc5
Qxd1+ 9. Nxd1 Bxc5 10. O-O Nd5 11. Ne3 Bxe3 12. Bxe3 c3 13. b3 f6 14. Nd3 Rd8
15. Rac1 Nc6 16. Rfd1 e5 17. Nc5 Nxe3 18. Rxd8+ Nxd8 19. fxe3 Rb8 20. Rxc3 Kf8
21. Bxb7 Nxb7 22. Na6 Ra8 23. Nc7 Rb8 24. Na6 1/2-1/2

[Event "Stepan Avagyan Mem 2024"]
[Site "Jermuk ARM"]
[Date "2024.06.13"]
[Round "4.4"]
[White "Tabatabaei, M. Amin"]
[Black "Bluebaum, Matthias"]
[Result "1-0"]
[WhiteTitle "GM"]
[BlackTitle "GM"]
[WhiteElo "2713"]
[BlackElo "2647"]
[WhiteFideId "12521213"]
[BlackFideId "24651516"]
[EventDate "2024.06.10"]

1. d4 Nf6 2. Nf3 d5 3. c4 e6 4. g3 dxc4 5. Bg2 Bb4+ 6. Bd2 a5 7. Qc2 c5 8. dxc5
Bxc5 9. O-O Nbd7 10. Na3 O-O 11. Rad1 Bxa3 12. bxa3 Qc7 13. Rc1 b6 14. Bf4 Qc5
15. Nd2 Ba6 16. Bxa8 Rxa8 17. Rfd1 Qh5 18. Nxc4 Rc8 19. Qb3 Qxe2 20. Re1 Qh5 21.
Nxb6 Rxc1 22. Rxc1 Nf8 23. Qd1 Be2 24. Qd8 e5 25. Rc8 h6 26. Bxh6 Nh7 27. Qh4
Qxh4 28. gxh4 gxh6 29. Ra8 Nf6 30. a4 Kg7 31. Rxa5 Ng6 32. Nd5 Nxh4 33. Nc3 Nf3+
34. Kg2 Ne1+ 35. Kh1 Bf1 36. Kg1 Bh3 37. Rc5 Nf3+ 38. Kh1 Ne1 39. a5 Nd3 40. Rc7
Ng4 41. a6 Nf4 42. Kg1 Ne6 43. Rc4 Nd4 44. Rxd4 exd4 45. Nb1 Ne3 46. a7 Bg2 47.
fxe3 Bb7 48. exd4 Kf6 49. Nc3 Ke6 50. Na4 Kd5 51. a8=Q Bxa8 52. Nb6+ 1-0

[Event "Stepan Avagyan Mem 2024"]
[Site "Jermuk ARM"]
[Date "2024.06.14"]
[Round "5.2"]
[White "Bluebaum, Matthias"]
[Black "Sevian, Samuel"]
[Result "1/2-1/2"]
[WhiteTitle "GM"]
[BlackTitle "GM"]
[WhiteElo "2647"]
[BlackElo "2687"]
[WhiteFideId "24651516"]
[BlackFideId "2040506"]
[EventDate "2024.06.10"]

1. d4 Nf6 2. c4 e6 3. Nf3 d5 4. g3 dxc4 5. Bg2 Nbd7 6. Qa4 a6 7. Qxc4 b5 8. Qc6
Rb8 9. Bf4 Nd5 10. Bg5 Be7 11. Bxe7 Qxe7 12. Nc3 Bb7 13. Nxd5 Bxc6 14. Nxe7 Kxe7
15. Rc1 Bd5 16. Rxc7 Rhc8 17. Rxc8 Rxc8 18. Kd2 Nf6 19. Ne1 Rc4 20. Bxd5 Rxd4+
21. Nd3 Rxd5 22. f3 Nd7 23. Rc1 Ne5 24. Rc5 Nc4+ 25. Kc3 Ne3 26. Rc7+ Kf6 27.
Ra7 Rh5 28. f4 g5 29. Ne5 gxf4 30. gxf4 Kf5 31. Kd4 Nc2+ 32. Kc3 Ne3 33. Kd4
Nc2+ 34. Kc3 1/2-1/2

[Event "Stepan Avagyan Mem 2024"]
[Site "Jermuk ARM"]
[Date "2024.06.14"]
[Round "5.3"]
[White "Deac, Bogdan-Daniel"]
[Black "Tabatabaei, M. Amin"]
[Result "1/2-1/2"]
[WhiteTitle "GM"]
[BlackTitle "GM"]
[WhiteElo "2680"]
[BlackElo "2713"]
[WhiteFideId "1226380"]
[BlackFideId "12521213"]
[EventDate "2024.06.10"]

1. d4 Nf6 2. c4 e6 3. Nc3 Bb4 4. e3 O-O 5. Bd3 d5 6. Nf3 b6 7. O-O c5 8. dxc5
dxc4 9. Bxc4 Bxc3 10. Qxd8 Rxd8 11. bxc3 Ba6 12. Bxa6 Nxa6 13. cxb6 axb6 14. Ba3
Ne4 15. Rfc1 f6 16. Kf1 e5 17. Rc2 Rac8 18. Rb1 Rxc3 19. Rxc3 Nxc3 20. Rxb6 Ra8
21. Rb3 Nxa2 22. Ke1 Rc8 23. Kd2 Rc4 24. Ne1 N2b4 25. Bxb4 Nxb4 26. Rc3 Rxc3 1/2-1/2

[Event "Stepan Avagyan Mem 2024"]
[Site "Jermuk ARM"]
[Date "2024.06.14"]
[Round "5.4"]
[White "Murzin, Volodar"]
[Black "Sargsyan, Shant"]
[Result "1/2-1/2"]
[WhiteTitle "GM"]
[BlackTitle "GM"]
[WhiteElo "2650"]
[BlackElo "2639"]
[WhiteFideId "44155573"]
[BlackFideId "13306766"]
[EventDate "2024.06.10"]

1. e4 e5 2. Nf3 Nc6 3. Bc4 Nf6 4. d3 Bc5 5. Bg5 h6 6. Bh4 d6 7. c3 a6 8. a4 Ba7
9. Nbd2 Qe7 10. O-O g5 11. Bg3 Nd7 12. Kh1 Nf8 13. Ng1 h5 14. f3 h4 15. Bf2 Bxf2
16. Rxf2 f5 17. b4 Ng6 18. Nf1 Qf6 19. b5 axb5 20. axb5 Rxa1 21. Qxa1 Nce7 22.
Qa5 b6 23. Qa7 Kd8 24. Ne3 fxe4 25. dxe4 g4 26. Rf1 gxf3 27. Rxf3 Nf4 28. Qa8
Qg5 29. h3 Rf8 30. Ng4 Neg6 31. Ne3 Ne7 32. Ng4 Qg7 33. Ne3 Qg5 1/2-1/2

[Event "Stepan Avagyan Mem 2024"]
[Site "Jermuk ARM"]
[Date "2024.06.14"]
[Round "5.5"]
[White "Petrosyan, Manuel"]
[Black "Hovhannisyan, Robert"]
[Result "1/2-1/2"]
[WhiteTitle "GM"]
[BlackTitle "GM"]
[WhiteElo "2625"]
[BlackElo "2611"]
[WhiteFideId "13300857"]
[BlackFideId "13302507"]
[EventDate "2024.06.10"]

1. e4 e5 2. Nf3 Nc6 3. Bb5 Nf6 4. O-O Nxe4 5. Re1 Nd6 6. Nxe5 Be7 7. Bf1 Nxe5 8.
Rxe5 O-O 9. d4 Bf6 10. Re1 Re8 11. Bf4 Rxe1 12. Qxe1 Ne8 13. c3 d5 14. Nd2 Bf5
15. Nb3 Nd6 16. Nc5 h6 17. Qe2 b6 18. Nd3 a5 19. a4 Bg5 20. Qf3 Be4 21. Qg3 Bxf4
22. Qxf4 Qg5 23. h4 Qxf4 24. Nxf4 c6 25. f3 Bc2 1/2-1/2

[Event "Stepan Avagyan Mem 2024"]
[Site "Jermuk ARM"]
[Date "2024.06.15"]
[Round "6.1"]
[White "Martirosyan, Haik M."]
[Black "Hovhannisyan, Robert"]
[Result "0-1"]
[WhiteTitle "GM"]
[BlackTitle "GM"]
[WhiteElo "2662"]
[BlackElo "2611"]
[WhiteFideId "13306553"]
[BlackFideId "13302507"]
[EventDate "2024.06.10"]

1. e4 e5 2. Nf3 Nc6 3. Bc4 Bc5 4. d3 Nf6 5. c3 d6 6. O-O a5 7. Re1 O-O 8. h3 Be6
9. Bb5 Ba7 10. Be3 Bxe3 11. Rxe3 Re8 12. d4 Bd7 13. d5 Ne7 14. Bf1 h6 15. c4 b6
16. Nc3 Nh7 17. Re1 Rf8 18. b3 f5 19. a3 Ng6 20. exf5 Bxf5 21. g3 Qf6 22. Re3
Rf7 23. Ra2 h5 24. h4 Ne7 25. Bg2 Raf8 26. Ne4 Bxe4 27. Rxe4 Qg6 28. Re1 Rf6 29.
Rd2 Nf5 30. Rd3 Nh6 31. Qe2 R6f7 32. b4 axb4 33. axb4 Ng4 34. Ra3 Qh6 35. Bh3 g5
36. Bxg4 hxg4 37. Nh2 gxh4 38. Nxg4 Qh5 39. gxh4 Rg7 40. Rg3 Rf4 41. Ne3 Qxh4
42. Kg2 Rf7 43. Ng4 Nf6 44. Nxf6+ Rxf6 45. Rh1 Qf4 46. Rh3 Rf7 47. b5 Kf8 48.
Rh8+ Ke7 49. Rc8 Kd7 50. Ra8 Rxg3+ 51. fxg3 Rg7 52. Ra3 Qh6 53. Ra7 Qg6 54. Ra3
Rh7 55. Ra1 Qf5 56. Rh1 Rxh1 57. Kxh1 Qh3+ 58. Kg1 Qxg3+ 59. Kf1 Ke7 60. Qh5 Kf6
61. Ke2 Qg2+ 62. Kd1 Qg1+ 63. Ke2 Qg2+ 64. Kd1 Qf1+ 65. Kd2 Qxc4 66. Qh6+ Kf5
67. Qh7+ Kg4 68. Qg6+ Kf3 69. Qh5+ Qg4 70. Qh8 Qd4+ 71. Kc2 Qc4+ 72. Kb2 Qxb5+
73. Ka3 Qd3+ 74. Ka4 Qd4+ 75. Ka3 Qc3+ 76. Ka2 Ke4 0-1

[Event "Stepan Avagyan Mem 2024"]
[Site "Jermuk ARM"]
[Date "2024.06.15"]
[Round "6.2"]
[White "Sargsyan, Shant"]
[Black "Petrosyan, Manuel"]
[Result "1/2-1/2"]
[WhiteTitle "GM"]
[BlackTitle "GM"]
[WhiteElo "2639"]
[BlackElo "2625"]
[WhiteFideId "13306766"]
[BlackFideId "13300857"]
[EventDate "2024.06.10"]

1. e4 e5 2. Nf3 Nc6 3. Bb5 Nf6 4. d3 Bc5 5. c3 O-O 6. O-O d6 7. h3 h6 8. Re1 a6
9. Ba4 Re8 10. Nbd2 b5 11. Bc2 Be6 12. a4 Bb6 13. Nf1 d5 14. exd5 Bxd5 15. Be3
e4 16. dxe4 Bxe4 17. Bxb6 Qxd1 18. Bxd1 cxb6 19. N3d2 Bd5 20. Rxe8+ Rxe8 21.
axb5 axb5 22. Ne3 Be6 23. Bf3 Ne5 24. Be2 Rd8 25. Ndf1 Nc4 26. Nxc4 bxc4 27. Ra6
Nd7 28. Ne3 b5 29. Ra5 Rb8 30. Nc2 Nc5 31. Nd4 Bd7 32. Ra7 1/2-1/2

[Event "Stepan Avagyan Mem 2024"]
[Site "Jermuk ARM"]
[Date "2024.06.15"]
[Round "6.3"]
[White "Tabatabaei, M. Amin"]
[Black "Murzin, Volodar"]
[Result "1/2-1/2"]
[WhiteTitle "GM"]
[BlackTitle "GM"]
[WhiteElo "2713"]
[BlackElo "2650"]
[WhiteFideId "12521213"]
[BlackFideId "44155573"]
[EventDate "2024.06.10"]

1. d4 d5 2. c4 c6 3. Nc3 Nf6 4. cxd5 cxd5 5. Bf4 Nc6 6. e3 e6 7. Bd3 Be7 8. Rc1
O-O 9. a3 a6 10. h3 Bd6 11. Bxd6 Qxd6 12. Nf3 e5 13. dxe5 Nxe5 14. Be2 Be6 15.
O-O Rac8 16. Rc2 Nc4 17. Bxc4 Rxc4 18. Qd3 Rcc8 19. Qd1 Rc4 20. Qd3 Rfc8 21. Nd4
h6 22. Rfc1 b5 23. Nb1 b4 24. axb4 Qxb4 25. Rxc4 dxc4 26. Qa3 a5 27. Nc3 Rb8 28.
Ra1 Qxb2 29. Qxa5 Qb4 30. Qxb4 Rxb4 31. e4 Nh5 32. Nde2 Rb3 33. Rc1 g5 34. Nd4
Rb4 35. Nce2 Kg7 36. f3 Kf6 37. g4 Nf4 38. Nxf4 gxf4 39. h4 Ra4 40. Ne2 Ke5 41.
Rc2 f6 42. h5 Bd7 43. Kf2 Rb4 44. Ra2 Rb3 45. Ra5+ Bb5 46. Ke1 c3 47. Kd1 Rb1+
48. Kc2 Rb2+ 49. Kxc3 Rxe2 50. Rxb5+ Ke6 51. Rb3 Ke5 52. Kc4 Rc2+ 53. Rc3 Rf2
54. Rd3 Rc2+ 55. Kb3 Re2 56. Kc4 Rc2+ 57. Kb5 Rf2 58. Kc6 Ke6 59. Kc7 Ke7 60.
Kb6 Ke6 61. Rc3 Rf1 62. Kc7 Ke7 63. Kc8 Rf2 64. Kb7 Re2 65. Rc7+ Ke6 66. Rh7 Rf2
67. Rxh6 Ke5 68. Rh8 Rxf3 69. h6 Rh3 70. h7 1/2-1/2

[Event "Stepan Avagyan Mem 2024"]
[Site "Jermuk ARM"]
[Date "2024.06.15"]
[Round "6.4"]
[White "Sevian, Samuel"]
[Black "Deac, Bogdan-Daniel"]
[Result "1/2-1/2"]
[WhiteTitle "GM"]
[BlackTitle "GM"]
[WhiteElo "2687"]
[BlackElo "2680"]
[WhiteFideId "2040506"]
[BlackFideId "1226380"]
[EventDate "2024.06.10"]

1. e4 e5 2. Nf3 Nc6 3. Bc4 Bc5 4. c3 Nf6 5. d3 d6 6. O-O a5 7. Re1 O-O 8. h3 h6
9. Nbd2 Be6 10. Bb5 Nd7 11. Nf1 d5 12. Ne3 dxe4 13. dxe4 Re8 14. a4 Bf8 15. Qe2
Na7 16. Bc4 Nc8 17. Bxe6 Rxe6 18. Rd1 Nd6 19. Nc4 Nf6 20. Nxd6 Rxd6 21. Be3 Qe8
22. Rxd6 Bxd6 23. Qc4 c6 24. Nd2 Bc7 25. Qb3 b6 26. Qc2 b5 27. c4 bxa4 28. Rxa4
Rb8 29. Ra1 Qe7 30. Ra3 Rb4 31. Nf3 Rb8 32. Nd2 Rb4 33. Nf3 Rb8 34. Nd2 1/2-1/2

[Event "Stepan Avagyan Mem 2024"]
[Site "Jermuk ARM"]
[Date "2024.06.16"]
[Round "7.1"]
[White "Bluebaum, Matthias"]
[Black "Martirosyan, Haik M."]
[Result "1/2-1/2"]
[WhiteTitle "GM"]
[BlackTitle "GM"]
[WhiteElo "2647"]
[BlackElo "2662"]
[WhiteFideId "24651516"]
[BlackFideId "13306553"]
[EventDate "2024.06.10"]

1. d4 Nf6 2. c4 e6 3. Nc3 Bb4 4. Nf3 O-O 5. Bg5 c5 6. e3 h6 7. Bh4 cxd4 8. exd4
d5 9. Be2 dxc4 10. O-O Nc6 11. Bxc4 Be7 12. Re1 Nh5 13. Bxe7 Nxe7 14. Ne5 Nf6
15. a4 b6 16. Qf3 Rb8 17. Ne4 Nxe4 18. Qxe4 Bb7 19. Qg4 Bd5 20. Bb5 Rc8 21. Nd7
a6 22. Nf6+ Kh8 23. Nxd5 axb5 24. Nxe7 Qxe7 25. d5 Rc4 26. Qe2 Qc5 27. dxe6 fxe6
28. b4 Rxb4 29. axb5 Rxb5 30. Rac1 Qf5 31. f3 Rc5 32. Rxc5 Qxc5+ 33. Qe3 Qxe3+
34. Rxe3 Re8 35. Rb3 Rb8 36. Re3 b5 37. Rxe6 b4 38. Re2 b3 39. Rb2 Kh7 40. Kf2
Kg6 41. Ke3 Kf5 42. g3 Ke5 43. Kd3 Kd5 44. Kc3 Kc5 45. Rxb3 Rxb3+ 46. Kxb3 Kd4
47. Kc2 Ke3 48. f4 h5 49. f5 Ke4 50. Kd2 Kxf5 51. Ke3 Ke5 1/2-1/2